| 000 | 01392nab a22002177a 4500 | ||
|---|---|---|---|
| 999 |
_c5673 _d5673 |
||
| 003 | OSt | ||
| 005 | 20251227010939.0 | ||
| 008 | 190603e xxum|||| |||| 00| 0 spa d | ||
| 040 | _cPJ | ||
| 100 |
_94780 _aLafferriére, Jorge Nicolás |
||
| 245 | 1 | 3 |
_aEl vicio de lesión a 10 años de la sanción del Código Civil y Comercial : _buna revisión doctrinaria / _cJorge Nicolás Lafferriere. |
| 260 |
_cCiudad Autónoma de Buenos Aires : _aThomson Reuters La Ley, _b2025. |
||
| 300 | _ap. 5-20 | ||
| 500 | _aCita: TR LALEY AR/DOC/1773/2025 Publicado en: RCCyC 2025 (agosto). | ||
| 505 | _aSumario: I. Introducción.— II. Cuestiones controvertidas de la lesión.— III. El fundamento de la lesión.— IV. El ámbito de aplicación de la lesión.— V. Los parámetros del elemento objetivo.— VI. Sobre los alcances del elemento subjetivo del lesionado.— VII. Sobre la presunción legal de la lesión.— VIII. Criterios para decidir el reajuste equitativo.— IX. La lesión y su relación con otras figuras.— X. Conclusiones. | ||
| 505 | _t¿Te interesa el texto completo? Solicitalo al correo: koha@justierradelfuego.gov.ar | ||
| 650 | 0 |
_91497 _aCODIGO CIVIL Y COMERCIAL |
|
| 650 | 0 |
_92528 _aACTOS JURÍDICOS |
|
| 773 | 0 |
_02713 _93170 _dCiudad Autónoma de Buenos Aires : Thomson Reuters La Ley, 2015- _tRevista Código Civil y Comercial. Nº 4 - Agosto 2025 |
|
| 942 |
_2udc _cANA |
||